000
00325nam a22001337a 4500
008
170324b xxu||||| |||| 00| 0 eng d
020
_a
0132953609
041
_a
eng
080
_2
2ND
_a
615.83
100
_a
8
101
_a
SHM
245
_a
AN EXPERIENTIAL APPROACH TO ORGANIZATION DEVELOPMENT
_c
HARVEY, D.F
942
_2
udc
_c
BK
999
_c
8570
_d
8570